书目信息 |
| 题名: |
政府的"粮"
|
|
| 作者: | 李咏 , 徐竞 著 | |
| 分册: | ||
| 出版信息: | 北京 中国经济出版社 2009.01 |
|
| 页数: | 276页 | |
| 开本: | 24cm | |
| 丛书名: | ||
| 单 册: | ||
| 中图分类: | F831.59 | |
| 科图分类: | ||
| 主题词: | 金融 , 银行 | |
| 电子资源: | ||
| ISBN: | 978-7-5017-8845-3 | |
| 000 | 00602nam0 2200217 450 | |
| 001 | 0937099191 | |
| 005 | 20110922084134.45 | |
| 010 | @a978-7-5017-8845-3@dCNY38.00 | |
| 100 | @a20091210d2009 km y0chiy0120 ea | |
| 101 | 0 | @achi |
| 102 | @aCN@b110000 | |
| 200 | 1 | @a政府的"粮"@Azheng fu de"liang"@f李咏,徐竞著@Fli yong,xu jing zhu |
| 210 | @a北京@c中国经济出版社@d2009.01 | |
| 215 | @a276页@d24cm | |
| 606 | 0 | @a金融 |
| 606 | 0 | @a银行 |
| 690 | @aF831.59@v4 | |
| 701 | 0 | @a李咏@Ali yong@4著 |
| 701 | 0 | @a徐竞@Axu jing@4著 |
| 801 | 0 | @aCN@b山东省滨州职业学院图书馆@c20110922 |
| 905 | @aBZT@dF831.59@e2 | |
| 政府的"粮"/李咏,徐竞著.-北京:中国经济出版社,2009.01 |
| 276页;24cm |
| ISBN 978-7-5017-8845-3:CNY38.00 |
| ● |
| 相关链接 |
|
|
|
正题名:政府的"粮"
索取号:F831.59/2
 
预约/预借
| 序号 | 登录号 | 条形码 | 馆藏地/架位号 | 状态 | 备注 |
| 1 | 725824 | 2000725824 | 样本书库/样001架A面4层3列/ [索取号:F831.59/2] | 在馆 | |
| 2 | 725825 | 2000725825 | 中心书库北库/ 北库034架B面1列1层52/ [索取号:F831.59/2] | 在馆 | |
| 3 | 725826 | 2000725826 | 中心书库北库/ 北库034架B面1列1层51/ [索取号:F831.59/2] | 在馆 | |
| 4 | 725827 | 2000725827 | 中心书库北库/ 北库034架B面1列1层50/ [索取号:F831.59/2] | 在馆 | |
| 5 | 725828 | 2000725828 | 中心书库北库/ 北库034架B面1列1层49/ [索取号:F831.59/2] | 在馆 | |
| 6 | 725829 | 2000725829 | 中心书库北库/ 北库034架B面1列2层33/ [索取号:F831.59/2] | 在馆 | |
| 7 | 742060 | 2000742060 | 中心书库北库/ 北库034架B面1列2层43/ [索取号:F831.59/2] | 在馆 | |
| 8 | 742061 | 2000742061 | 中心书库北库/ 北库034架B面1列2层42/ [索取号:F831.59/2] | 在馆 | |
| 9 | 742062 | 2000742062 | 中心书库北库/ 北库034架B面1列2层41/ [索取号:F831.59/2] | 在馆 | |
| 10 | 742063 | 2000742063 | 中心书库北库/ 北库034架B面1列2层40/ [索取号:F831.59/2] | 在馆 | |
| 11 | 742064 | 2000742064 | 中心书库北库/ 北库034架B面1列2层39/ [索取号:F831.59/2] | 在馆 | |
| 12 | 742065 | 2000742065 | 中心书库北库/ 北库034架B面1列2层38/ [索取号:F831.59/2] | 在馆 | |
| 13 | 742066 | 2000742066 | 中心书库北库/ 北库034架B面1列2层36/ [索取号:F831.59/2] | 在馆 | |
| 14 | 742067 | 2000742067 | 中心书库北库/ 北库034架B面1列2层35/ [索取号:F831.59/2] | 在馆 | |
| 15 | 742068 | 2000742068 | 中心书库北库/ 北库034架B面1列2层32/ [索取号:F831.59/2] | 在馆 | |
| 16 | 742069 | 2000742069 | 中心书库北库/ 北库034架B面1列2层34/ [索取号:F831.59/2] | 在馆 | |
| 17 | 795319 | 2000795319 | 中心书库北库/ 北库034架B面1列1层48/ [索取号:F831.59/2] | 在馆 | |
| 18 | 795320 | 2000795320 | 中心书库北库/ 北库034架B面1列2层37/ [索取号:F831.59/2] | 在馆 | |
| 19 | 795321 | 2000795321 | 中心书库北库/ 北库034架B面1列1层47/ [索取号:F831.59/2] | 在馆 |